01165 2200493 4500001002100000005001700021008004100038035002400079082001400103090002400117100002100141245008100162260002900243300001800272650003200290850001200322980001700334985000600351999001500357999001500372999001400387999001500401999001500416990001200431990001200443990001200455990001200467990001200479990001200491990001200503990001200515990001200527990001200539990001200551990001200563990001200575990001200587990001200599990001200611990001200623990001200635990001200647990001200659YOGYA-0209000005886420090227034551.0 ind  0010-020900000058864 a899.21133 a899.21133bKab NlT aKABIDDEN, Soetan aNgada niambangbCerita dalam bahasa mandailingcDisusun oleh:Soetan Kabidden aJakartabDepdikbudc1978 a84 hlmc21 cm aKesusastraan Batak - Cerita aYOPDYOG a21 juli 2008 a5 aa000059577 aa000022446 a000022447 aa000022448 aa000022449 a22449-a a59577-A a22446-A a22448-A a59577-a a22446-A a22448-A a22449-a a22446-a a59577-a a22448-A a22449-a a22446-a a59577-a a22448-A a22449-a a59577-a a22446-a a22448-A a22449-a